Same Name as a Cartoon Character Quiz Stats

 Plays Quiz Updated Apr 20, 2016

Score 0/20 Timer 06:00
0 Plays Today
% Correct
Donald Duck/Donald Trump
99.1%
Sylvester the Cat/Sylvester Stallone
95.5%
Woody (Toy Story)/Woody Harrelson
94.9%
Alice (Alice in Wonderland)/Alice Cooper
94.1%
Jerry (Tom and Jerry)/Jerry Seinfeld
93.7%
Daisy Duck/Daisy Ridley
91.9%
Mike (Monsters Inc.)/Mike Myers
91.6%
Princess Fiona (Shrek)/Fiona Apple
91.3%
Jack Frost (Rise of the Guardian)/Jack Nicholson
88.1%
Princess Ariel (The Little Mermaid)/Ariel Winter
84.9%
% Correct
Elsa (Frozen)/Elsa Hosk
82.1%
Joy (Inside Out)/Joy Behar
76.6%
Wendy Darling (Peter Pan)/Wendy Williams
73.7%
Manny (Ice Age)/Manny Pacquiao
70.1%
Guy (The Croods)/Guy Fieri
68.5%
Audrey (The Lorax)/Audrey Hepburn
67.5%
Gerald Johanssen (Hey Arnold!)/Gerald Ford
62.8%
Sherman (Mr. Peabody & Sherman)/Sherman Hemsley
49.5%
Gloria (Madagascar)/Gloria Steinem
48.2%
Joaquin Mondragon (The Book of Life)/Joaquin Phoenix
46.5%

You're not logged in!

Compare scores with friends on all Sporcle quizzes.
OR
Log In

Sporcle TV

Today on Sporcle TV


Watch our educational content, quiz creation guides, and fun videos on Sporcle TV.

Show Comments

Extras

Top Quizzes Today


Score Distribution

Your Account Isn't Verified!

In order to create a playlist on Sporcle, you need to verify the email address you used during registration. Go to your Sporcle Settings to finish the process.

Report this User

Report this user for behavior that violates our Community Guidelines.

Details: